Normal view
MARC view
- الكهرباء -التمديدات الكهربائية -التركيبات
Entry Topical Term
001 - CONTROL NUMBER
- control field: 13702
003 - CONTROL NUMBER IDENTIFIER
- control field: JO-AjAnu
005 - DATE AND TIME OF LATEST TRANSACTION
- control field: 20230606072506.0
008 - FIXED-LENGTH DATA ELEMENTS
- fixed length control field: 230606|| aca||aabn | a|a d
040 ## - CATALOGING SOURCE
- Original cataloging agency: JO-AjAnu
- Transcribing agency: JO-AjAnu
150 ## - HEADING--TOPICAL TERM
- Topical term or geographic name entry element: الكهرباء -التمديدات الكهربائية -التركيبات
670 ## - SOURCE DATA FOUND
- Source citation: Work cat.: (JO-AjAnu)7047: عبدالعزيز، وسام احمد, author 13701, تمديدات الفولتية المرتفعة